¿Est ̀en crisis la Corte Internacional de Justc̕ia?

Detalles Bibliográficos
Autor principal: Boffi Boggeri, Luis Maria
Autor Corporativo: Argentina. Tribunal Internacional de Justicia
Formato: Libro
Lenguaje:español
Publicado: Buenos Aires : Editorial Astrea de Alfredo y Ricardo Depalma, 1975
Materias:
Acceso en línea:Acceso restringido

MARC

LEADER 00000nam a22000007a 4500
005 20111005101847.0
008 111005s1975 ag ||||| |||| 00||0 spa d
035 |a 2059 
040 |a vLex 
090 |c 2611  |d 2611 
100 1 |a Boffi Boggeri, Luis Maria 
245 1 1 |a ¿Est ̀en crisis la Corte Internacional de Justc̕ia?  |h [Recurso electrn̤ico] /  |c Luis Maria Boffi Boggeri  
256 |a Servicio en ln̕ea. 
260 |a Buenos Aires :  |b Editorial Astrea de Alfredo y Ricardo Depalma,  |c 1975 
300 |a 1 recurso electrn̤ico 
506 1 |a Contenido solo disponible en los productos indicados  |d vLex Global  |d vLex Global (Academic Edition, excluding Law Schools)  |d vLex Global (U.S. Academic Edition, Law Schools)  |d vLex Global (U.S. Academic Edition, excluding Law Schools)  |d vLex Global (Academic Edition, Law Schools) 
610 1 4 |a Argentina.  |b Tribunal Internacional de Justicia 
710 1 |a Argentina.  |b Tribunal Internacional de Justicia 
740 0 |a vLex Libros (Servicio en ln̕ea) 
856 4 0 |u http://vlex.com/source/esta-crisis-corte-internacional-justicia-2059  |z Acceso restringido 
942 |c BOOK